000 01905nam a22005053i 4500
001 EBC32274471
003 MiAaPQ
005 20251020153840.0
007 cr cnu||||||||
008 251020s2025 xx o ||||0 eng d
020 _a9781804299760
_q(electronic bk.)
040 _aMiAaPQ
_beng
_cMiAaPQ
100 1 _aKundnani, Hans.
_966322
245 1 0 _aHyper-Zionism :
_bGermany, the Nazi Past and Israel.
250 _a1st ed.
264 1 _aLondon :
_bVerso,
_c2025.
264 4 _c©2025.
300 _a1 online resource (123 pages)
336 _aText
_btxt
_2rdacontent
337 _aComputermedien
_bc
_2rdamedia
338 _aOnline Resource
_bcr
_2rdacarrier
341 0 _bEpub Accessibility Specification 1.1
_2onix
341 0 _bTable of contents navigation
_2onix
341 0 _bIndex navigation
_2onix
341 0 _bSingle logical reading order
_2onix
341 0 _bShort alternative textual descriptions
_2onix
341 0 _bWCAG v2.2
_2onix
341 0 _bWCAG level AA
_2onix
500 _aE-Book-ProQuest / Fernzugriff nach Registrierung möglich
520 _aThe most thorough and damning account of German Zionism available from leading authors, academics and activists.
532 8 _aPublisher contact for further accessibility information: chris@verso.co.uk
655 _aFernzugriff
_9230
655 4 _aElectronic books.
700 1 _aTooze, Adam.
_917789
700 1 _aMarwecki, Daniel.
_965265
700 1 _aMoses, A. Dirk.
_926247
700 1 _aZimmerer, Jürgen.
_957680
700 1 _aCohen, Daniel.
_967412
700 1 _aÖzyürek, Esra.
_965090
700 1 _aHauenstein, Hanno.
_967413
700 1 _aSamour, Nahed.
_967414
776 0 8 _iPrint version:
_aKundnani, Hans
_tHyper-Zionism
_dLondon : Verso,c2025
856 4 0 _uhttps://ebookcentral.proquest.com/lib/maxweberstiftung-ebooks/detail.action?docID=32274471
_zVolltext
942 _cEB
999 _c73070
_d73070